| 000 | 00685nam a2200253Ia 4500 | ||
|---|---|---|---|
| 003 | BUBTL | ||
| 008 | 151213s9999 xx 000 0 und d | ||
| 020 | _a0420471200 | ||
| 041 | _aEnglish | ||
| 082 |
_212th _a336.066/ M835c/ 1983 |
||
| 100 |
_aMorse, Geoffrey _95360 |
||
| 245 |
_aCompany Law/ _cGeoffrey Morse, Enid A. Marshall and Richard Morris |
||
| 250 | _a12th | ||
| 260 |
_aLondon _bELBS Stevens & Sons _cc1983 |
||
| 300 |
_a[xcii], 733p. : _bill. ; 21 cm. |
||
| 500 | _aIncludes Index | ||
| 526 | _aLaw | ||
| 650 | _aLaw | ||
| 650 | _a | ||
| 700 |
_aGeoffrey Morse _95361 |
||
| 856 |
_k0 _l0 _yDownload |
||
| 942 |
_2ddc _cBK |
||
| 999 |
_c1527 _d1527 |
||